HBF regional survey of house builders (Record no. 79240)
[ view plain ]
| 000 -LEADER | |
|---|---|
| fixed length control field | 01089cab a22002055a 4500 |
| 001 - CONTROL NUMBER | |
| control field | L140218 |
| 008 - FIXED-LENGTH DATA ELEMENTS--GENERAL INFORMATION | |
| fixed length control field | 070314s2007 xxkd f s 000 0 eng d |
| 035 ## - SYSTEM CONTROL NUMBER | |
| System control number | (Sirsi) u140218 |
| 041 ## - LANGUAGE CODE | |
| Language code of text/sound track or separate title | eng |
| 110 2# - MAIN ENTRY--CORPORATE NAME | |
| Corporate name or jurisdiction name as entry element | Home Builders Federation |
| 9 (RLIN) | 4896 |
| 245 ## - TITLE STATEMENT | |
| Title | HBF regional survey of house builders |
| Remainder of title | July 2007 |
| 260 ## - PUBLICATION, DISTRIBUTION, ETC. | |
| Date of publication, distribution, etc. | 2007 |
| 490 ## - SERIES STATEMENT | |
| Series statement | Housing Market Report |
| Volume/sequential designation | (183) July 2007, 7-11(6) |
| 520 ## - SUMMARY, ETC. | |
| Summary, etc. | Finds that site visitors in July continued to run well below a year ago, a drop of 37%. However the steep fall in net reservations in June eased in July, a drop of 11%. This may be partly attributable to weather conditions. Reservations from all groups fell. New home prices dipped by 3%. The use of incentives by housebuilders continued to increase markedly. The industry remains optimistic about 2007 sales prospects. 35% of companies expect higher sales than in 2006. Tables and graphs. |
| 590 ## - LOCAL NOTE (RLIN) | |
| Local note | KA |
| 650 24 - SUBJECT ADDED ENTRY--TOPICAL TERM | |
| Topical term or geographic name entry element | HBF REGIONAL SURVEY OF HOUSE BUILDERS |
| 651 #4 - SUBJECT ADDED ENTRY--GEOGRAPHIC NAME | |
| Geographic name | England and Wales |
| Chronological subdivision | 1543- |
| 690 ## - LOCAL SUBJECT ADDED ENTRY--TOPICAL TERM (OCLC, RLIN) | |
| Topical term or geographic name as entry element | PROPERTY-RESIDENTIAL PROPERTY-RESIDENTIAL PROPERTY MARKET |
| 942 ## - ADDED ENTRY ELEMENTS (KOHA) | |
| Suppress in OPAC | 0 |
| Withdrawn status | Lost status | Source of classification or shelving scheme | Damaged status | Not for loan | Home library | Current library | Shelving location | Date acquired | Total Checkouts | Full call number | Barcode | Date last seen | Copy number | Price effective from | Koha item type |
|---|---|---|---|---|---|---|---|---|---|---|---|---|---|---|---|
| Dewey Decimal Classification | London | London | Journal article | 12/09/2007 | L140218 | 140218-1001 | 06/08/2019 | 1 | 06/08/2019 | Journal article |